| 000 | 00627nam a2200205 a 4500 | ||
|---|---|---|---|
| 005 | 20240215063707.0 | ||
| 008 | 991125s1985 mx 000 0 spa u | ||
| 020 | _a9688375322 | ||
| 035 | _aUPN01000027021 | ||
| 049 | _aCG | ||
| 050 | 4 |
_aH61 _bR6.3 1985 |
|
| 100 | 1 |
_aRojas Soriano, Raúl _929614 |
|
| 245 | 1 | 0 |
_aGuía para realizar investigaciones sociales / _cRaúl Rojas Soriano. |
| 250 | _a8a ed. | ||
| 260 |
_aMéxico : _bUNAM, Facultad de Ciencias Políticas y Sociales, _c1985. |
||
| 300 |
_a280 p. : _bil. |
||
| 440 | 0 | _aTextos universitarios | |
| 650 | 4 |
_aCiencias sociales _xInvestigación _97497 |
|
| 905 | _aLibro | ||
| 999 |
_c27021 _d27021 |
||